Moderné formy pôstu

Podrobná bibliografia
Hlavný autor: Valábek, Marián (Autor)
Médium: Článok
Jazyk:slovenčina
Fyzický popis:Fotogr.
ISSN:0139-8512
Predmet:

MARC

LEADER 00000nab a2200000 ar4500
001 vtls009185614
003 SK-MaSNL
005 20260305015858.0
008 080219c2008 xo mr|p|||||||000 b|slo
015 |a SNBRB2008/02  |2 snkbucl 
038 |a SNKBUCL 
040 |a SNKBUCL  |b slo  |c SNKBUCL  |e AACR2 
041 0 |a slo 
044 |a xo  |c SK 
080 |a 27-565.4  |2 2001 
100 1 |a Valábek, Marián  |4 aut  |9 357291 
245 1 0 |a Moderné formy pôstu  |c Marián Valábek 
300 |b Fotogr. 
650 0 7 |a pôst  |2 snkbucl  |9 1978 
773 0 |t Katolícke noviny  |g Roč. 123, č. 6 (2008), s. 11  |x 0139-8512 
852 |a SNK  |b KIS3GCP 
958 |a NT 
999 |c 3277608  |d 3279538